المرشد الزراعي في : طرق الزراعة الحيوية بدون أسمدة و مبيدات كيمياوية / (رقم التسجيلة. 89819)
[ عرض عادي ]
| 000 -LEADER | |
|---|---|
| fixed length control field | 00695nam a22002057a 4500 |
| 005 - DATE AND TIME OF LATEST TRANSACTION | |
| control field | 20251108172836.0 |
| 008 - FIXED-LENGTH DATA ELEMENTS--GENERAL INFORMATION | |
| fixed length control field | 250721s2001 xx 000 0 ara d |
| 020 ## - INTERNATIONAL STANDARD BOOK NUMBER | |
| International Standard Book Number | 9772715244 |
| 082 14 - DEWEY DECIMAL CLASSIFICATION NUMBER | |
| Classification number | 632.9/حسي |
| 100 1# - MAIN ENTRY--PERSONAL NAME | |
| Personal name | الحسيني، محمد احمد |
| 245 10 - TITLE STATEMENT | |
| Title | المرشد الزراعي في : طرق الزراعة الحيوية بدون أسمدة و مبيدات كيمياوية / |
| 264 1# - PRODUCTION, PUBLICATION, DISTRIBUTION, MANUFACTURE, AND COPYRIGHT NOTICE | |
| Place of production, publication, distribution, manufacture | القاهرة : |
| Name of producer, publisher, distributor, manufacturer | مكتبة ابن سينا، |
| Date of production, publication, distribution, manufacture, or copyright notice | 2001. |
| 300 ## - PHYSICAL DESCRIPTION | |
| Extent | 175ص. |
| 650 17 - SUBJECT ADDED ENTRY--TOPICAL TERM | |
| Topical term or geographic name as entry element | محافحة الآفات |
| 650 17 - SUBJECT ADDED ENTRY--TOPICAL TERM | |
| Topical term or geographic name as entry element | الإرشاد الزراعي |
| 650 17 - SUBJECT ADDED ENTRY--TOPICAL TERM | |
| Topical term or geographic name as entry element | الأبحاث الزراعية |
| 650 17 - SUBJECT ADDED ENTRY--TOPICAL TERM | |
| Topical term or geographic name as entry element | الأسمدة |
| 942 ## - ADDED ENTRY ELEMENTS (KOHA) | |
| Source of classification or shelving scheme | Dewey Decimal Classification |
| Koha item type | كتب |
| حالة السحب | حالة الفقدان | مصدر التصنيف | حالة التلف | غير قابل للإعارة | المكتبة الرئيسية | المكتبة الحالية | موقع الرف | تاريخ التزويد | الرقم المتسلسل | Total Checkouts | رقم الإستدعاء | الباركود | تاريخ آخر ظهور | تاريخ الفاتورة | نوع المادة (كوها) |
|---|---|---|---|---|---|---|---|---|---|---|---|---|---|---|---|
| Dewey Decimal Classification | المكتبة المركزية | المكتبة المركزية | الإعارة | 28/07/2025 | 778569 | 632.9/حسي | 778569 | 28/07/2025 | 28/07/2025 | كتب | |||||
| Dewey Decimal Classification | Not For Loan | المكتبة المركزية | المكتبة المركزية | مقتنيات قسم التزويد | 28/07/2025 | 778570 | 632.9/حسي | 778570 | 28/07/2025 | 28/07/2025 | كتب | ||||
| Dewey Decimal Classification | Not For Loan | المكتبة المركزية | المكتبة المركزية | مقتنيات قسم التزويد | 28/07/2025 | 778571 | 632.9/حسي | 778571 | 28/07/2025 | 28/07/2025 | كتب | ||||
| Dewey Decimal Classification | Not For Loan | المكتبة المركزية | المكتبة المركزية | مقتنيات قسم التزويد | 28/07/2025 | 778572 | 632.9/حسي | 778572 | 28/07/2025 | 28/07/2025 | كتب | ||||
| Dewey Decimal Classification | مكتبة أبو علندا العامة | مكتبة أبو علندا العامة | الإعارة | 28/07/2025 | 778577 | 632.9/حسي | 778577 | 28/07/2025 | 28/07/2025 | كتب | |||||
| Dewey Decimal Classification | مكتبة الأميرة ايمان العامة | مكتبة الأميرة ايمان العامة | الإعارة | 28/07/2025 | 778573 | 632.9/حسي | 778573 | 28/07/2025 | 28/07/2025 | كتب | |||||
| Dewey Decimal Classification | مكتبة الحسن العامة | مكتبة الحسن العامة | الإعارة | 28/07/2025 | 778575 | 632.9/حسي | 778575 | 28/07/2025 | 28/07/2025 | كتب | |||||
| Dewey Decimal Classification | مكتبة حمزة العامة | مكتبة حمزة العامة | الإعارة | 28/07/2025 | 778576 | 632.9/حسي | 778576 | 28/07/2025 | 28/07/2025 | كتب | |||||
| Dewey Decimal Classification | مكتبة صويلح العامة | مكتبة صويلح العامة | الإعارة | 28/07/2025 | 778574 | 632.9/حسي | 778574 | 28/07/2025 | 28/07/2025 | كتب |